| 000 | 00862cam a2200313 4500500 | ||
|---|---|---|---|
| 005 | 20260329005523.0 | ||
| 041 | _afre | ||
| 042 | _adc | ||
| 100 | 1 | 0 |
_aEltchaninoff, Michel _eauthor |
| 245 | 0 | 0 | _aL’intellectuel de droite, c’était mieux avant ? |
| 260 | _c2024. | ||
| 500 | _a49 | ||
| 690 | _aAron | ||
| 690 | _aDécadence | ||
| 690 | _aDéclin | ||
| 690 | _aDroite | ||
| 690 | _aEnthoven | ||
| 690 | _aExtrémisme | ||
| 690 | _aFinkielkraut | ||
| 690 | _aGramsci | ||
| 690 | _aHégémonie | ||
| 690 | _aHouellebecq | ||
| 690 | _aIntellectuel | ||
| 690 | _aMichel Eltchaninoff | ||
| 690 | _aModération | ||
| 690 | _aNuance | ||
| 786 | 0 | _nPhilosophie magazine | 176 | 1-2 | 2024-02-01 | p. 17-17 | 1951-1787 | |
| 856 | 4 | 1 | _uhttps://shs.cairn.info/magazine-philosophie-magazine-2024-2-page-17?lang=fr&redirect-ssocas=7080 |
| 999 |
_c1844183 _d1844183 |
||